000 00629pam a2200229 a 4500
001 4312331
005 20180206040711.0
008 870302s1987 enka b 001 0 eng
010 _a 87006403
020 _a0521340489
040 _aDLC
_cDLC
_dDLC
041 _aeng
043 _an-us---
080 _a338.542
082 0 0 _a338.542 BER
_219
100 1 _a19
101 _aSHP
245 1 4 _aThe Great Depression :
_cMichael A. Bernstein.
504 _aBibliography: p. 225-253.
906 _a7
_bcbc
_corignew
_d1
_eocip
_f19
_gy-gencatlg
942 _2ddc
_cBK
999 _c41874
_d41874